| 000 | 00669nam a2200217Ia 4500 | ||
|---|---|---|---|
| 003 | OSt | ||
| 005 | 20251126141823.0 | ||
| 008 | 210719s2010 xx 000 0 und d | ||
| 040 | _cal | ||
| 041 | _akan | ||
| 082 | _aK894.8 RAVM | ||
| 100 |
_aRAV (H B L) Ed _9199551 _d ರಾವ್ (ಹೆಚ್ ಬಿ ಎಲ್) |
||
| 245 |
_aMumbai kannada darshana _bಮುಂಬಯಿ ಕನ್ನಡ ದರ್ಶನ |
||
| 260 |
_aNavi Mumbai _bKannada Sahitya Parishattu _c2010 |
||
| 300 |
_a154 _bPB |
||
| 365 |
_b150 _cRs |
||
| 650 |
_aKannada literature _9199552 |
||
| 650 |
_aKannada Miscellaneous _9199553 |
||
| 906 | _adarshana ; kannaDa ; Mumbayi | ||
| 942 |
_2ddc _cBK |
||
| 999 |
_c215315 _d215315 |
||